000 00826nam a22002777a 4500
001 BR6500087
003 BR-BrBNA
005 20230928083424.0
007 ta
008 230509b bl.||||| |||| 00| 0 por d
040 _aBR-BrBNA
_bpor
_cBiblioteca Nacional de Agricultura
041 _a(Por)
072 _aL73
_b4150
_b5212
_b5240
_b/G514
090 _ 4150 BR6500087
110 1 _aSecretaria da Agricultura, Porto Alegre, RS (Brasil). Seccao de Defesa Sanitaria
_98494
245 1 _aManual de instrucoes campanha de combate a febre aftosa no Rio Grande do Sul [Brasil]
260 3 _aPorto Alegre, RS (Brasil):
_c1965.
300 _a39 p.
650 _aDoenca animal
650 _aAftosa
650 _aBovino
650 _aOvino
650 _aDefesa animal
909 _a202309
_bLucia
_c55
_dLucia Elande
942 _cBK
999 _c13389
_d13389